Food grain process technology (Record no. 31360)

MARC details
000 -LEADER
fixed length control field 01000cam a22002535a 4500
005 - DATE AND TIME OF LATEST TRANSACTION
control field 20091103014612.0
008 - FIXED-LENGTH DATA ELEMENTS--GENERAL INFORMATION
fixed length control field 090911s2009 ii ab b 100 0 eng d
010 ## - LCCN (DPL NO)
LC control number ENG-95323
020 ## - INTERNATIONAL STANDARD BOOK NUMBER
International Standard Book Number 9788131305737
Terms of availability 695.00
035 ## - SYSTEM CONTROL NUMBER
System control number EN-78856
037 ## - SOURCE OF ACQUISITION
Stock number DBAD/PUB
040 ## - CATALOGING SOURCE
Original cataloging agency DPL
Language of cataloging eng
082 ## - DEWEY DECIMAL CLASSIFICATION NUMBER
Classification number 664.02
245 ## - TITLE STATEMENT
Title Food grain process technology
Statement of responsibility, etc by C.S. Riar ...[et.al.]
260 ## - PUBLICATION, DISTRIBUTION, ETC. (IMPRINT)
Place of publication, distribution, etc New Delhi :
Name of publisher, distributor, etc APH Publishing Corporation
Date of publication, distribution, etc 2009.
270 ## - ADDRESS
Address 4435-36/7. Ansari road, Darya Ganj
City New Delhi
Postal code 110002
300 ## - PHYSICAL DESCRIPTION
Extent xi, 219 p. :
Dimensions 22 cm. (Hb)
500 ## - GENERAL NOTE
General note Includes bibliographical references
520 ## - SUMMARY, ETC.
Summary, etc Contributed articles.
650 ## - SUBJECT ADDED ENTRY--TOPICAL TERM
Topical term or geographic name as entry element Food industry and trade
942 ## - ADDED ENTRY ELEMENTS (KOHA)
Source of classification or shelving scheme Dewey Decimal Classification
Item type English Books
Call number suffix RIA
Classification part 664.02
Holdings
Withdrawn status Lost status Source of classification or shelving scheme Damaged status Not for loan Collection code Home library Current library Date acquired Source of acquisition Cost, normal purchase price Total Checkouts Full call number Barcode Date last seen Copy number Cost, replacement price Koha item type
    Dewey Decimal Classification   Not For Loan Non-fiction D.B.Act.Division D.B.Act.Division 04/11/2009 DBAD / PUB 695.00   664.02 RIA EN-78856 04/11/2009 1 695.00 English Books

© Delhi Public Library
Hit Counter
free hit counter